[Event "C.to Provinciale PD"]
[Site "Monselice ITA"]
[Date "2005.01.16"]
[Round "6"]
[White "Pomaro, Alberto"]
[Black "Roberti, Ignazio"]
[Result "1-0"]
[WhiteElo "1757"]
[BlackElo "1975"]
[PlyCount "103"]
[EventDate "2005.01.08"]

1. d4 Nf6 2. c4 c5 3. d5 e6 4. Nc3 exd5 5. cxd5 d6 6. e4 a6 7. f4 b5 8. Bd3 b4
9. Nb1 g6 10. Nf3 Bg7 11. O-O Qb6 12. Kh1 Bd7 13. Nbd2 Bb5 14. Qe2 O-O 15. a4
bxa3 16. Rxa3 Nbd7 17. Rb3 Rab8 18. Nc4 Qc7 19. Bd2 Bxc4 20. Rxb8 Rxb8 21. Bxc4
Rxb2 22. e5 Ne8 23. e6 Nb6 24. Bxa6 Nxd5 25. Bc4 Nef6 26. Ng5 Ne7 27. exf7+ Kh8
28. Qe6 Rxd2 29. Qxf6 Qd8 30. Qe6 h6 31. Nf3 Rb2 32. Re1 Rb7 33. Ng5 Qd7 34.
Qxd7 Rxd7 35. Ne6 Ra7 36. h3 d5 37. Bf1 Ra8 38. Nxg7 Kxg7 39. Rxe7 Ra1 40. Kg1
c4 41. Rc7 Kf8 42. Kf2 Ra3 43. Be2 Kg7 44. Bf3 Ra5 45. Bg4 Ra6 46. Bf3 Ra5 47.
Ke3 Ra3+ 48. Kd4 Rd3+ 49. Ke5 c3 50. Bxd5 Rd1 51. Rc8 Re1+ 52. Kd6 1-0

[Event "C.to Provinciale PD"]
[Site "Monselice ITA"]
[Date "2005.01.16"]
[Round "6"]
[White "Quaranta, Cristiano"]
[Black "Demiraj, Rumi"]
[Result "1-0"]
[WhiteElo "2072"]
[BlackElo "1967"]
[PlyCount "55"]
[EventDate "2005.01.08"]

1. d4 Nf6 2. Bg5 e6 3. e4 d6 4. Nc3 Be7 5. f4 Nfd7 6. Bxe7 Qxe7 7. Nf3 O-O 8.
Bd3 c5 9. O-O g6 10. Nb5 Na6 11. e5 d5 12. c3 f5 13. a3 Kh8 14. Qe1 Rg8 15. Nd6
Nc7 16. Qg3 h6 17. Qh3 Kg7 18. g4 Ne8 19. gxf5 Nxd6 20. exd6 Qxd6 21. fxg6 c4
22. Bc2 e5 23. Qf5 Rf8 24. fxe5 Qb6 25. Qh5 Qxb2 26. Ng5 Rh8 27. Ne6+ Kg8 28.
Qf5 1-0

[Event "C.to Provinciale PD"]
[Site "Monselice ITA"]
[Date "2005.01.16"]
[Round "6"]
[White "Rossi, Carlo"]
[Black "Sgaravatti, Francesco"]
[Result "1-0"]
[WhiteElo "2367"]
[BlackElo "2136"]
[PlyCount "69"]
[EventDate "2005.01.08"]

1. e4 Nf6 2. e5 Nd5 3. d4 d6 4. Nf3 dxe5 5. Nxe5 c6 6. Nd2 Nd7 7. Ndf3 Nxe5 8.
Nxe5 Bf5 9. g4 Be4 10. f3 Bg6 11. c3 e6 12. h4 Be7 13. h5 f6 14. Nxc6 Qc7 15.
Nxe7 Qg3+ 16. Kd2 Kxe7 17. hxg6 hxg6 18. Rxh8 Rxh8 19. Kd3 Rh1 20. Bd2 g5 21.
Qe2 g6 22. Re1 Qd6 23. Kc2 Rh2 24. Qc4 Kd7 25. Be2 a6 26. a4 Qg3 27. Kb3 Nf4
28. Bxf4 gxf4 29. Rd1 Qf2 30. d5 e5 31. d6 Qb6+ 32. Ka2 Qd8 33. Rd5 Qb6 34. a5
Qd8 35. Rc5 1-0

[Event "C.to Provinciale PD"]
[Site "Monselice ITA"]
[Date "2005.01.16"]
[Round "6"]
[White "Tresin, Ardilio"]
[Black "Meggiorin, Orlando"]
[Result "0-1"]
[WhiteElo "1343"]
[BlackElo "1586"]
[PlyCount "38"]
[EventDate "2005.01.08"]

1. d4 Nf6 2. c4 e6 3. Nc3 Bb4 4. Qc2 b6 5. a3 Bxc3+ 6. Qxc3 Ne4 7. Qc2 d5 8. f3
Qh4+ 9. g3 Nxg3 10. Bg2 Nxh1+ 11. Kd1 Nf2+ 12. Ke1 Nh3+ 13. Kd1 Nxg1 14. cxd5
Qxh2 15. Bf1 Qf2 16. Bh3 Nxh3 17. Qxc7 O-O 18. dxe6 Bxe6 19. Qb7 Qxd4+ 0-1

[Event "VIII Festival Sant'Anna A"]
[Site "Pisignano - Vernole ITA"]
[Date "2005.08.20"]
[Round "7"]
[White "Sabia, Corrado"]
[Black "Sernagiotto, Mirko Virgilio"]
[Result "1-0"]
[WhiteElo "2141"]
[BlackElo "1951"]
[PlyCount "109"]
[EventDate "2005.08.17"]

1. e4 e5 2. Nf3 Nc6 3. Bb5 f5 4. d4 fxe4 5. Nxe5 Nxe5 6. dxe5 c6 7. Nc3 cxb5 8.
Nxe4 d5 9. exd6 Nf6 10. Bg5 Qa5+ 11. Nc3 b4 12. Bxf6 gxf6 13. Nd5 Bxd6 14.
Nxf6+ Ke7 15. Nd5+ Ke6 16. Qg4+ Kxd5 17. O-O-O+ Kc6 18. Rxd6+ Kxd6 19. Rd1+ Qd5
20. Qxb4+ Kc6 21. Rxd5 Kxd5 22. f4 Bd7 23. Qxb7+ Kd6 24. Qb4+ Kc7 25. Qa5+ Kc6
26. b4 a6 27. a4 Kb7 28. Qd5+ Kc7 29. Qc5+ Kd8 30. f5 Rc8 31. Qa5+ Ke7 32. Qe5+
Kf7 33. Qd5+ Ke8 34. Qe5+ Kf7 35. Qd5+ Ke8 36. f6 Rf8 37. Qe5+ Kd8 38. Qe7+ Kc7
39. a5 Rce8 40. Qc5+ Bc6 41. Qb6+ Kd6 42. Qxa6 Rxf6 43. b5 Kd5 44. bxc6 Rxc6
45. Qd3+ Ke6 46. Qe4+ Kd7 47. Qxh7+ Re7 48. Qf5+ Ree6 49. h4 Ke7 50. g4 Rf6 51.
Qe5+ Kf7 52. g5 Rfe6 53. Qf5+ Ke7 54. h5 Re2 55. h6 1-0

[Event "C.to Italiano U10"]
[Site "Cortina d'Ampezzo ITA"]
[Date "2005.07.04"]
[Round "3"]
[White "D'Apa, Massimo"]
[Black "Menozzi, Davide"]
[Result "0-1"]
[WhiteElo "1350"]
[BlackElo "1455"]
[PlyCount "60"]
[EventDate "2005.07.03"]

1. e4 e5 2. f4 exf4 3. Nf3 Nf6 4. Nc3 d6 5. Bc4 Be7 6. O-O O-O 7. d4 Nc6 8.
Bxf4 Bg4 9. Be3 Na5 10. Bd3 d5 11. e5 Nh5 12. Qd2 Nc4 13. Bxc4 dxc4 14. Bg5
Bxf3 15. Bxe7 Qxe7 16. Rxf3 c5 17. Re1 cxd4 18. Qxd4 Qe6 19. Qe4 Qb6+ 20. Kh1
h6 21. Na4 Qa5 22. b3 Rac8 23. Ree3 Rcd8 24. Rf1 Rfe8 25. Qf5 f6 26. Ref3 Rxe5
27. Qg4 Rg5 28. Qxc4+ Kh8 29. Qf7 Qd2 30. Nc3 Qxg2# 0-1

[Event "C.to Italiano U10"]
[Site "Cortina d'Ampezzo ITA"]
[Date "2005.07.07"]
[Round "6"]
[White "Ando', Alberto"]
[Black "D'Apa, Massimo"]
[Result "1/2-1/2"]
[WhiteElo "1440"]
[BlackElo "1350"]
[PlyCount "48"]
[EventDate "2005.07.03"]

1. e4 c5 2. Nf3 Nc6 3. d4 cxd4 4. Nxd4 e6 5. Nc3 d6 6. Bb5 Bd7 7. O-O a6 8. Ba4
b5 9. Bb3 Nf6 10. Bg5 Be7 11. Qd2 O-O 12. Rfe1 h6 13. Bh4 Qc7 14. Rad1 Rad8 15.
a3 Nxd4 16. Qxd4 Bc6 17. Re2 Rfe8 18. Rde1 Qb7 19. Qe3 Rd7 20. f3 e5 21. Rd1
Bd8 22. Kh1 Nh5 23. Bxd8 Rexd8 24. Red2 Nf6 1/2-1/2

[Event "C.to Italiano U10"]
[Site "Cortina d'Ampezzo ITA"]
[Date "2005.07.07"]
[Round "7"]
[White "D'Apa, Massimo"]
[Black "Tirelli, Mauro"]
[Result "1/2-1/2"]
[WhiteElo "1350"]
[BlackElo "1458"]
[PlyCount "68"]
[EventDate "2005.07.03"]

1. e4 d6 2. d4 Nf6 3. Nc3 c6 4. Nf3 Bg4 5. Be2 Nbd7 6. Be3 e5 7. dxe5 Nxe5 8.
Nxe5 Bxe2 9. Qxe2 dxe5 10. Rd1 Qc7 11. O-O Be7 12. f4 exf4 13. Bxf4 Qa5 14. Qf3
O-O 15. e5 Ne8 16. Rd7 Qc5+ 17. Kh1 f6 18. Ne4 Qb4 19. exf6 Bxf6 20. Nxf6+ Nxf6
21. Rd2 Rae8 22. Qb3+ Qxb3 23. cxb3 Nd5 24. g3 Re3 25. Rdf2 Nxf4 26. gxf4 Rfe8
27. Rg2 Re2 28. f5 Rxg2 29. Kxg2 Re2+ 30. Rf2 Rxf2+ 31. Kxf2 Kf7 32. Kf3 Kf6
33. Kf4 h6 34. h4 h5 1/2-1/2

[Event "C.to Italiano U10"]
[Site "Cortina d'Ampezzo ITA"]
[Date "2005.07.08"]
[Round "8"]
[White "D'Apa, Massimo"]
[Black "Esposito, Alfonso"]
[Result "1-0"]
[WhiteElo "1350"]
[BlackElo "1451"]
[PlyCount "61"]
[EventDate "2005.07.03"]

1. e4 e5 2. f4 d5 3. exd5 exf4 4. Nf3 Qxd5 5. Nc3 Qd8 6. d4 Nf6 7. Bxf4 Be7 8.
Bc4 O-O 9. O-O Nc6 10. h3 Bf5 11. Nh4 Be4 12. Nf3 Nh5 13. Bh2 Nb4 14. Bb3 Bg6
15. a3 Nc6 16. Qd2 Bh4 17. Rad1 Bg3 18. Ng5 Bxh2+ 19. Kxh2 Qd6+ 20. Kg1 Ng3 21.
Rf3 Bh5 22. Qd3 g6 23. Rxg3 Bxd1 24. Nge4 Qd7 25. Nf6+ Kh8 26. Nxd7 Rfd8 27.
Qxd1 Rxd7 28. d5 Ne5 29. Qd4 Re7 30. Re3 Rae8 31. Ba4 1-0

[Event "C.to Italiano U10"]
[Site "Cortina d'Ampezzo ITA"]
[Date "2005.07.09"]
[Round "9"]
[White "Onofrio, Marco"]
[Black "D'Apa, Massimo"]
[Result "0-1"]
[WhiteElo "1350"]
[BlackElo "1350"]
[PlyCount "90"]
[EventDate "2005.07.03"]

1. e4 c5 2. Nf3 Nc6 3. Nc3 e6 4. Bb5 a6 5. Bxc6 bxc6 6. d3 d6 7. Be3 Nf6 8. d4
cxd4 9. Bxd4 e5 10. Be3 Be7 11. h3 O-O 12. O-O a5 13. Re1 Bb7 14. a3 Qb8 15.
Bg5 h6 16. Bxf6 Bxf6 17. b4 axb4 18. axb4 Ba6 19. Rb1 Rd8 20. Rb2 Bc4 21. Nd2
Be6 22. b5 Qb7 23. Qe2 d5 24. Reb1 c5 25. exd5 Bxd5 26. Nxd5 Qxd5 27. Nf3 e4
28. Rb3 exf3 29. Rxf3 Re8 30. Re3 Rxe3 31. Qxe3 Be5 32. Re1 Bd4 33. Qd3 c4 34.
Qd2 Rd8 35. Rd1 Qf5 36. Rf1 Qf6 37. Qb4 Bxf2+ 38. Rxf2 Rd1+ 39. Kh2 Qxf2 40.
Qxc4 Rd2 41. Qc8+ Kh7 42. Qc6 Rxc2 43. Qe4+ g6 44. b6 Re2 45. Qc6 Qf4+ 0-1

[Event "XI Weekend B"]
[Site "Ivrea ITA"]
[Date "2005.05.27"]
[Round "1"]
[White "Castaldo, Antonio"]
[Black "Aramino, Andrea"]
[Result "1-0"]
[WhiteElo "1595"]
[BlackElo "1404"]
[PlyCount "59"]
[EventDate "2005.05.27"]

1. Nf3 d5 2. g3 c5 3. Bg2 Nf6 4. O-O e6 5. d3 Nc6 6. Nbd2 Bd6 7. e4 Ng4 8. Re1
O-O 9. h3 Nf6 10. e5 Nxe5 11. Nxe5 Qc7 12. Ng4 Nxg4 13. Qxg4 e5 14. Qe2 Be6 15.
Nf3 f6 16. Be3 Kh8 17. c4 d4 18. Bc1 Rfe8 19. Nd2 Bd7 20. Ne4 Rab8 21. Nxd6
Qxd6 22. a3 a5 23. Bd2 b6 24. Rab1 Ba4 25. Be4 h6 26. Qh5 Qf8 27. Qg6 Qg8 28.
Bxh6 gxh6 29. Qxh6+ Qh7 30. Qxh7# 1-0

[Event "XI Weekend B"]
[Site "Ivrea ITA"]
[Date "2005.05.27"]
[Round "1"]
[White "Cordoglio, Simone"]
[Black "Verardi, Gianparide"]
[Result "0-1"]
[WhiteElo "1422"]
[BlackElo "1622"]
[PlyCount "44"]
[EventDate "2005.05.27"]

1. d4 Nf6 2. Nf3 g6 3. Bf4 d6 4. e3 Bg7 5. h3 O-O 6. Nbd2 b6 7. Bd3 Bb7 8. c3
Nbd7 9. Qe2 Re8 10. Nc4 Nh5 11. Bh2 e5 12. dxe5 dxe5 13. e4 Nf4 14. Bxf4 exf4
15. O-O-O Qe7 16. Ncd2 Nc5 17. Rde1 Rad8 18. Bc2 Ba6 19. c4 Ne6 20. Ba4 Qb4 21.
Bxe8 Qxb2+ 22. Kd1 Qb1# 0-1

[Event "XI Weekend B"]
[Site "Ivrea ITA"]
[Date "2005.05.27"]
[Round "1"]
[White "Costabloz, Giammarco"]
[Black "Bogatto, Mario"]
[Result "1-0"]
[WhiteElo "1562"]
[BlackElo "1365"]
[PlyCount "97"]
[EventDate "2005.05.27"]

1. e4 d6 2. d4 Nf6 3. Nc3 g6 4. Nf3 Bg4 5. Be2 Bg7 6. Bg5 Nc6 7. d5 Bxf3 8.
Bxf3 Ne5 9. h4 h6 10. Bf4 Nxf3+ 11. Qxf3 Qd7 12. O-O-O a6 13. Rdg1 Qg4 14. Rh3
Qxf3 15. gxf3 Nd7 16. Bd2 h5 17. f4 Bh6 18. f5 Bxd2+ 19. Kxd2 gxf5 20. exf5
O-O-O 21. Re1 Rde8 22. Rhe3 Ne5 23. b3 Kd8 24. Ne4 f6 25. c4 Rhg8 26. Kd1 Rg4
27. Rh3 Reg8 28. Ng3 Rf4 29. Re2 Nd3 30. Rh2 Rd4 31. Rd2 Nb2+ 32. Kc2 Rxd2+ 33.
Kxd2 Rg4 34. Kc2 Nxc4 35. bxc4 Rxc4+ 36. Kd3 Rc5 37. Kd4 Rc2 38. Nxh5 Rxa2 39.
Ng7 Ra4+ 40. Kc3 Kc8 41. h5 b5 42. h6 Rc4+ 43. Kd3 Rc5 44. h7 Rxd5+ 45. Ke4
Re5+ 46. Kf4 d5 47. h8=Q+ Kb7 48. Ne6 Re4+ 49. Kf3 1-0

[Event "XI Weekend B"]
[Site "Ivrea ITA"]
[Date "2005.05.27"]
[Round "1"]
[White "Macario, Marco"]
[Black "Caserio, Federico"]
[Result "1/2-1/2"]
[WhiteElo "1611"]
[BlackElo "1416"]
[PlyCount "86"]
[EventDate "2005.05.27"]

1. e4 c5 2. Nf3 Nc6 3. d4 cxd4 4. Nxd4 Nf6 5. Nc3 d6 6. Be2 e6 7. O-O Be7 8.
Be3 O-O 9. Bf3 e5 10. Nb3 Be6 11. Qe2 a6 12. Rfd1 Qc7 13. Nd5 Bxd5 14. exd5 Na5
15. Nxa5 Qxa5 16. Bg5 Rac8 17. Be4 Rfe8 18. Bxf6 Bxf6 19. Qd3 g6 20. g3 Qb4 21.
Rab1 Qc5 22. c3 Qc4 23. a3 Qxd3 24. Rxd3 Rc4 25. f3 Bd8 26. g4 Bb6+ 27. Kg2 Ba7
28. h4 Rf8 29. g5 f5 30. gxf6 Rxf6 31. Rh1 h5 32. b3 Rc5 33. a4 b5 34. axb5
Rxb5 35. b4 a5 36. Ra1 Bb6 37. Ra4 Kg7 38. Rd1 Rf4 39. Bd3 Rxd5 40. c4 Rxc4 41.
Bxc4 Rxd1 42. bxa5 Rd2+ 43. Kh1 Rd1+ 1/2-1/2

[Event "XI Weekend B"]
[Site "Ivrea ITA"]
[Date "2005.05.27"]
[Round "1"]
[White "Paonessa, Denis"]
[Black "Romano, Antonino"]
[Result "1-0"]
[WhiteElo "1832"]
[BlackElo "1476"]
[PlyCount "103"]
[EventDate "2005.05.27"]

1. d4 d5 2. c4 c6 3. Nc3 Nf6 4. Nf3 g6 5. Bf4 Bg7 6. e3 O-O 7. Bd3 dxc4 8. Bxc4
Nbd7 9. a4 Nb6 10. Bd3 Nbd5 11. Nxd5 Nxd5 12. Bg3 Qa5+ 13. Nd2 Nb4 14. Bb1 e5
15. O-O exd4 16. Nb3 Qd5 17. exd4 Bf5 18. Bxf5 Qxf5 19. Bd6 Nd5 20. Bxf8 Rxf8
21. Rc1 Nb4 22. Rc5 Qd3 23. Qxd3 Nxd3 24. Rc2 Rd8 25. Rd2 Nf4 26. a5 h5 27. g3
Ne6 28. Rfd1 Bh6 29. Rd3 Bf8 30. d5 cxd5 31. Rxd5 Rc8 32. Rd7 Rc2 33. Rxb7 Rxb2
34. Rdd7 Rxb3 35. Rxb3 Nc5 36. Rbb7 Nxd7 37. Rxd7 Bc5 38. Kf1 Kf8 39. Ke2 Ke8
40. Rb7 f6 41. f4 g5 42. fxg5 fxg5 43. Rb5 Be7 44. Rb8+ Bd8 45. Ra8 h4 46. Rxa7
Bf6 47. gxh4 gxh4 48. h3 Bd4 49. Rh7 Bc5 50. a6 Kf8 51. a7 Bxa7 52. Rxa7 1-0

[Event "XI Weekend B"]
[Site "Ivrea ITA"]
[Date "2005.05.27"]
[Round "1"]
[White "Renzini, Lorenzo"]
[Black "Falamischia, Andrea"]
[Result "1/2-1/2"]
[WhiteElo "1736"]
[BlackElo "1440"]
[PlyCount "89"]
[EventDate "2005.05.27"]

1. c4 Nf6 2. Nc3 g6 3. g3 Bg7 4. Bg2 O-O 5. Nf3 c6 6. O-O d6 7. Qc2 Bg4 8. Rb1
Nbd7 9. b4 Bxf3 10. Bxf3 Ne5 11. Bg2 Nxc4 12. b5 d5 13. bxc6 bxc6 14. d3 Nb6
15. a3 Nbd7 16. Na4 Rc8 17. Be3 Ng4 18. Bxa7 Ra8 19. Bb6 Nxb6 20. Nxb6 Ra6 21.
Na4 Qd6 22. h3 Nxf2 23. Kxf2 Bd4+ 24. e3 Bxe3+ 25. Kxe3 Qxg3+ 26. Rf3 d4+ 27.
Kxd4 Rxa4+ 28. Ke3 Qg5+ 29. Kf2 Rxa3 30. Kg1 Rfa8 31. Qc1 Qe5 32. Qe3 Qd6 33.
Rd1 Rd8 34. Qf4 Qxf4 35. Rxf4 Raxd3 36. Rxd3 Rxd3 37. Rc4 Rd1+ 38. Kh2 Rd2 39.
Rxc6 e5 40. Kg3 f5 41. Rc5 f4+ 42. Kf3 Rd3+ 43. Kg4 h5+ 44. Kh4 Rg3 45. Bf1
1/2-1/2

[Event "XI Weekend B"]
[Site "Ivrea ITA"]
[Date "2005.05.27"]
[Round "1"]
[White "Roversi, Stefano"]
[Black "Tricerri, Pierino"]
[Result "1-0"]
[WhiteElo "1879"]
[BlackElo "1491"]
[PlyCount "58"]
[EventDate "2005.05.27"]

1. e4 c5 2. Nf3 Nc6 3. Bb5 g6 4. O-O Bg7 5. Re1 Ne5 6. Bf1 Qc7 7. d3 Nf6 8.
Nxe5 Qxe5 9. Nc3 d6 10. Nb5 Ng4 11. f4 Qh5 12. h3 Qh4 13. hxg4 Bxg4 14. Be2 h5
15. Be3 Kd7 16. Bf2 Qf6 17. Bxg4+ hxg4 18. Qxg4+ Qe6 19. Qxe6+ fxe6 20. e5 Rh5
21. d4 a6 22. Nc3 b5 23. Rad1 Rah8 24. Kf1 c4 25. d5 Rh1+ 26. Ke2 R1h2 27. Kf3
b4 28. dxe6+ Kxe6 29. Nd5 Kd7 1-0

[Event "XI Weekend B"]
[Site "Ivrea ITA"]
[Date "2005.05.27"]
[Round "1"]
[White "Vigliocco, Davide"]
[Black "Liviabella, Lucio"]
[Result "0-1"]
[WhiteElo "1392"]
[BlackElo "1589"]
[PlyCount "58"]
[EventDate "2005.05.27"]

1. e4 c5 2. Nf3 Nc6 3. d4 cxd4 4. Nxd4 g6 5. Nc3 Bg7 6. Be3 a6 7. f3 Nf6 8. Be2
O-O 9. Qd2 Nxd4 10. Bxd4 d6 11. O-O-O b5 12. Be3 b4 13. Na4 Rb8 14. b3 Qa5 15.
h4 Bd7 16. g4 Bxa4 17. bxa4 Qxa4 18. Kb1 Rfc8 19. g5 Ne8 20. h5 Bc3 21. Qc1 Nc7
22. hxg6 hxg6 23. Bd4 e5 24. Bxc3 bxc3+ 25. Ka1 Rb2 26. Bc4 Qxc4 27. Qxb2 cxb2+
28. Kxb2 Rb8+ 29. Ka1 Qc3# 0-1

[Event "XI Weekend B"]
[Site "Ivrea ITA"]
[Date "2005.05.28"]
[Round "2"]
[White "Angelini, Marco"]
[Black "Costabloz, Giammarco"]
[Result "1-0"]
[WhiteElo "1721"]
[BlackElo "1562"]
[PlyCount "62"]
[EventDate "2005.05.27"]

1. e4 c5 2. Nf3 Nc6 3. d4 cxd4 4. Nxd4 Nf6 5. Nc3 g6 6. Bc4 Bg7 7. Be3 d6 8. h3
O-O 9. O-O Bd7 10. Qd2 Qa5 11. Rad1 Ne5 12. Bb3 Rfc8 13. Qe2 a6 14. f4 Nc6 15.
Kh1 b5 16. a3 b4 17. axb4 Qxb4 18. e5 dxe5 19. Nxc6 Bxc6 20. fxe5 Nd7 21. Rxf7
Kh8 22. Bd4 Re8 23. Nd5 Bxd5 24. Bxd5 Rac8 25. Be6 Qb7 26. Bxd7 Qxd7 27. Rxg7
Qb5 28. Qxb5 axb5 29. e6 Red8 30. Rxe7+ Kg8 31. Rg7+ Kh8 1-0

[Event "XI Weekend B"]
[Site "Ivrea ITA"]
[Date "2005.05.28"]
[Round "2"]
[White "Caserio, Federico"]
[Black "Renzini, Lorenzo"]
[Result "0-1"]
[WhiteElo "1416"]
[BlackElo "1736"]
[PlyCount "58"]
[EventDate "2005.05.27"]

1. e4 c5 2. Nf3 d6 3. d4 cxd4 4. Nxd4 Nf6 5. Nc3 a6 6. Be3 e6 7. Qd2 Be7 8.
O-O-O Ng4 9. f3 Nxe3 10. Qxe3 e5 11. Nb3 Bg5 12. Qxg5 Qxg5+ 13. Kb1 O-O 14.
Rxd6 Rd8 15. h4 Qe7 16. Rb6 Be6 17. Na5 Qc5 18. Na4 Qxa5 19. b3 Nc6 20. Rxb7
Rab8 21. Rxb8 Nxb8 22. g4 Qe1+ 23. Kb2 Nc6 24. Bg2 Qf2 25. Bf1 Nb4 26. Ka3
Nxc2+ 27. Kb2 Ne3+ 28. Ka3 Nxf1 29. h5 Qxf3 0-1

[Event "XI Weekend B"]
[Site "Ivrea ITA"]
[Date "2005.05.28"]
[Round "2"]
[White "Finocchiaro, Gianluca"]
[Black "Paonessa, Denis"]
[Result "1/2-1/2"]
[WhiteElo "1601"]
[BlackElo "1832"]
[PlyCount "114"]
[EventDate "2005.05.27"]

1. e4 Nf6 2. Nc3 e5 3. Nf3 Nc6 4. d4 exd4 5. Nxd4 Bb4 6. Nxc6 bxc6 7. Bd3 O-O
8. O-O d5 9. exd5 cxd5 10. Bg5 c6 11. Qf3 Be6 12. Ne2 Be7 13. Nd4 c5 14. Nc6
Qc7 15. Nxe7+ Qxe7 16. Qg3 c4 17. Be2 Bf5 18. Rfe1 Rfe8 19. f3 Qc5+ 20. Kh1 Qb6
21. b3 c3 22. a4 d4 23. a5 Qc6 24. Ra4 Bxc2 25. Rxd4 Bxb3 26. Rd6 Nh5 27. Rxc6
Nxg3+ 28. hxg3 c2 29. Rc3 Ba4 30. Re3 Rec8 31. Ra3 Bd7 32. Raa1 h6 33. Bd2 Bf5
34. g4 Bh7 35. f4 Rd8 36. Be3 Re8 37. Bf3 Rab8 38. Rac1 Rb1 39. Kh2 Rxc1 40.
Rxc1 Rxe3 41. f5 Rc3 42. Be4 g6 43. Rxc2 Rxc2 44. Bxc2 g5 45. Kg3 Kf8 46. Kf3
f6 47. Ke4 Bg8 48. Kd4 Ke8 49. Kc5 Kd8 50. Kd6 Bf7 51. Be4 Bc4 52. Bc6 Bb3 53.
Bd5 Bxd5 54. Kxd5 Kd7 55. g3 a6 56. Kc5 Kc7 57. Kd5 Kd7 1/2-1/2

[Event "XI Weekend B"]
[Site "Ivrea ITA"]
[Date "2005.05.28"]
[Round "2"]
[White "Mosca, Enrico"]
[Black "Torriano, Enzo"]
[Result "1/2-1/2"]
[WhiteElo "1784"]
[BlackElo "1622"]
[PlyCount "75"]
[EventDate "2005.05.27"]

1. e4 c6 2. d4 d5 3. e5 Bf5 4. c3 e6 5. g4 Bg6 6. h4 h5 7. Bg5 Be7 8. Bxe7 Nxe7
9. g5 Nd7 10. Bd3 c5 11. Bxg6 Nxg6 12. Ne2 Ne7 13. Na3 Qb6 14. Qb3 Nf5 15. Qxb6
axb6 16. Nb5 Ke7 17. Ng3 Nxg3 18. fxg3 cxd4 19. cxd4 f6 20. gxf6+ gxf6 21.
exf6+ Nxf6 22. O-O Ne4 23. Rf3 Rhf8 24. Re3 Rac8 25. Nc3 Nxc3 26. bxc3 Rc6 27.
Rf1 Ra8 28. Rf2 Ra3 29. Rc2 b5 30. g4 hxg4 31. Rg3 b4 32. Rxg4 Raxc3 33. Rd2
Rc1+ 34. Kf2 R1c2 35. Ke3 Rxd2 36. Kxd2 Ra6 37. Rg7+ Kf6 38. Rxb7 1/2-1/2

[Event "XI Weekend B"]
[Site "Ivrea ITA"]
[Date "2005.05.28"]
[Round "2"]
[White "Tricerri, Pierino"]
[Black "Cordoglio, Simone"]
[Result "1-0"]
[WhiteElo "1491"]
[BlackElo "1422"]
[PlyCount "77"]
[EventDate "2005.05.27"]

1. c4 Nf6 2. Nf3 g6 3. g3 Bg7 4. Bg2 O-O 5. O-O d6 6. Nc3 e5 7. d3 Nc6 8. Bg5
h6 9. Bxf6 Qxf6 10. Nd5 Qd8 11. b4 f5 12. b5 Ne7 13. Nd2 g5 14. Qc2 Ng6 15. c5
f4 16. cxd6 cxd6 17. Nc7 Rb8 18. Rac1 h5 19. Bd5+ Kh8 20. Ne6 Bxe6 21. Bxe6 Qe8
22. Qb3 h4 23. Ne4 Qe7 24. Qd5 Rfd8 25. Rc3 Nf8 26. Bf5 a6 27. b6 Nd7 28. Qxd6
Qxd6 29. Nxd6 Kg8 30. Rc7 Nxb6 31. Nf7 Rf8 32. Bg6 Nd5 33. Rd7 Nc3 34. Re1 Nxa2
35. Nxg5 Rf6 36. Bf7+ Kh8 37. Bxa2 Rg6 38. gxh4 Bf6 39. Rh7# 1-0

[Event "XI Weekend B"]
[Site "Ivrea ITA"]
[Date "2005.05.28"]
[Round "3"]
[White "Capuzzimati, Fausto"]
[Black "Caserio, Federico"]
[Result "1/2-1/2"]
[WhiteElo "1479"]
[BlackElo "1416"]
[PlyCount "36"]
[EventDate "2005.05.27"]

1. e4 c5 2. Nf3 Nc6 3. d4 cxd4 4. Nxd4 Nf6 5. Nc3 d6 6. Bc4 e6 7. Bg5 Be7 8.
Qd2 O-O 9. Nf3 a6 10. O-O b5 11. Be2 b4 12. Bxf6 Bxf6 13. Nd1 a5 14. a4 Rb8 15.
Bb5 Bd7 16. Re1 Re8 17. Re3 Qc7 18. c3 Red8 1/2-1/2

[Event "XI Weekend B"]
[Site "Ivrea ITA"]
[Date "2005.05.28"]
[Round "3"]
[White "Cordoglio, Simone"]
[Black "Papalini, Claudio"]
[Result "1-0"]
[WhiteElo "1422"]
[BlackElo "1649"]
[PlyCount "73"]
[EventDate "2005.05.27"]

1. d4 e6 2. Nf3 f5 3. Bf4 Nf6 4. Nbd2 c6 5. e3 d5 6. c4 Be7 7. c5 O-O 8. Ne5
Nbd7 9. Ndf3 Ne4 10. Nxd7 Bxd7 11. Ne5 b6 12. b4 h6 13. f3 Nf6 14. a3 bxc5 15.
bxc5 Qa5+ 16. Qd2 Qxd2+ 17. Kxd2 Rad8 18. Rb1 Nh5 19. Rb7 Nf6 20. Nxc6 Bxc6 21.
Rxe7 Bd7 22. Be5 Rde8 23. Bxf6 gxf6 24. Rxd7 a5 25. Bb5 Rb8 26. Rb1 Kh8 27. Kc2
Rg8 28. g3 Rg7 29. Rxg7 Kxg7 30. Bd7 Rxb1 31. Kxb1 Kf7 32. Kb2 Ke7 33. c6 Kd6
34. Kb3 e5 35. Ka4 f4 36. gxf4 e4 37. fxe4 1-0

[Event "XI Weekend B"]
[Site "Ivrea ITA"]
[Date "2005.05.28"]
[Round "3"]
[White "Paonessa, Denis"]
[Black "Torriano, Enzo"]
[Result "1-0"]
[WhiteElo "1832"]
[BlackElo "1622"]
[PlyCount "39"]
[EventDate "2005.05.27"]

1. d4 d5 2. c4 dxc4 3. e4 e5 4. d5 c6 5. Bxc4 Nf6 6. Nc3 cxd5 7. exd5 Bf5 8.
Qb3 Qc7 9. Nb5 Qb6 10. Be3 Bc5 11. Bxc5 Qxc5 12. d6 O-O 13. Rc1 Qb6 14. Nc7 Qd4
15. Nf3 Qxd6 16. Nxa8 Nc6 17. O-O Qd8 18. Bxf7+ Kh8 19. Qxb7 Rxf7 20. Qxf7 1-0

[Event "XI Weekend B"]
[Site "Ivrea ITA"]
[Date "2005.05.28"]
[Round "3"]
[White "Renzini, Lorenzo"]
[Black "Finocchiaro, Gianluca"]
[Result "1-0"]
[WhiteElo "1736"]
[BlackElo "1601"]
[PlyCount "59"]
[EventDate "2005.05.27"]

1. c4 Nf6 2. Nc3 g6 3. g3 Bg7 4. Bg2 d6 5. Nf3 c6 6. O-O e5 7. d3 O-O 8. Rb1 a5
9. b3 Nbd7 10. Ba3 Nb6 11. Qc2 c5 12. Nd2 Nfd7 13. Nde4 Nf6 14. Nb5 Nxe4 15.
Bxe4 f5 16. Bg2 a4 17. b4 Qe7 18. bxc5 dxc5 19. Nc3 Qf6 20. Bxc5 e4 21. Rxb6
exd3 22. exd3 Qd8 23. Nd5 Re8 24. Rd6 Qa5 25. Bb4 Qa7 26. Nc7 Be5 27. Nxe8 Bxd6
28. Bxd6 Qd4 29. Bd5+ Kh8 30. Be7 1-0

[Event "XI Weekend B"]
[Site "Ivrea ITA"]
[Date "2005.05.28"]
[Round "3"]
[White "Roversi, Stefano"]
[Black "Angelini, Marco"]
[Result "0-1"]
[WhiteElo "1879"]
[BlackElo "1721"]
[PlyCount "94"]
[EventDate "2005.05.27"]

1. e4 c5 2. Nf3 d6 3. d4 cxd4 4. Nxd4 Nf6 5. Nc3 a6 6. Be2 e5 7. Nb3 b5 8. Bg5
Be7 9. Bxf6 Bxf6 10. O-O Bb7 11. Nd5 Nd7 12. c4 bxc4 13. Bxc4 Nb6 14. Na5 Nxc4
15. Nxb7 Qd7 16. Nxf6+ gxf6 17. Qd5 Rb8 18. Qxc4 Qxb7 19. Rac1 O-O 20. Qc6 Qxc6
21. Rxc6 Rxb2 22. Rxa6 Rd2 23. a4 Rc8 24. a5 Rc4 25. Ra8+ Kg7 26. Ra1 Rcc2 27.
Rd8 Rxf2 28. Rxd6 Rxg2+ 29. Kf1 Rxh2 30. Kg1 Ra2 31. a6 Rh1+ 32. Kxh1 Rxa1+ 33.
Kg2 Ra3 34. Kf2 h5 35. Ke1 h4 36. Kf2 Kg6 37. Kg2 Kg5 38. Rd7 Rxa6 39. Rxf7 Kf4
40. Kh3 Kxe4 41. Kxh4 f5 42. Kg5 f4 43. Kg4 Rg6+ 44. Kh5 Rg1 45. Kh4 f3 46. Kh3
Ke3 47. Rf5 e4 0-1

[Event "XI Weekend B"]
[Site "Ivrea ITA"]
[Date "2005.05.29"]
[Round "4"]
[White "Angelini, Marco"]
[Black "Paonessa, Denis"]
[Result "1/2-1/2"]
[WhiteElo "1721"]
[BlackElo "1832"]
[PlyCount "65"]
[EventDate "2005.05.27"]

1. e4 Nf6 2. Nc3 e5 3. Nf3 Nc6 4. Bc4 Nxe4 5. Nxe4 d5 6. Bb5 dxe4 7. Nxe5 Qd5
8. Bxc6+ bxc6 9. Ng4 Bd6 10. Ne3 Qg5 11. d3 exd3 12. Qxd3 O-O 13. Bd2 a5 14.
O-O-O Ba6 15. Qe4 Qb5 16. Bc3 Rab8 17. Nf5 Rfe8 18. Qf3 Be5 19. Nd4 Bxd4 20.
Rxd4 Qg5+ 21. Kb1 h5 22. Qg3 Qxg3 23. hxg3 Re2 24. Rf4 Rb5 25. g4 Rd5 26. gxh5
Rg5 27. g3 Bc8 28. h6 gxh6 29. Rxh6 Rg7 30. b3 Rh7 31. Rfh4 Bf5 32. Bxa5 Rxc2
33. Ka1 1/2-1/2

[Event "XI Weekend B"]
[Site "Ivrea ITA"]
[Date "2005.05.29"]
[Round "4"]
[White "De Bon, Eugenio"]
[Black "Tricerri, Pierino"]
[Result "1-0"]
[WhiteElo "1670"]
[BlackElo "1491"]
[PlyCount "53"]
[EventDate "2005.05.27"]

1. d4 Nf6 2. c4 g6 3. Nc3 Bg7 4. Nf3 O-O 5. e4 d6 6. h3 e5 7. Be3 h6 8. d5 Nfd7
9. Qd2 Kh7 10. Be2 a5 11. Na4 b6 12. Nh2 f5 13. exf5 Rxf5 14. Ng4 Qf8 15. Bd3
Rf7 16. Qc2 e4 17. Bxe4 Ne5 18. Nxe5 Bf5 19. Nxf7 Qxf7 20. Bxf5 Qxf5 21. Qxf5
gxf5 22. O-O Nd7 23. f4 Nf6 24. Bd4 Re8 25. Rae1 Rg8 26. Re7 Ne8 27. Bxg7 1-0